MARC

Tag First Indicator Second Indicator Subfields
LEADER 00000cam a2200000 i 4500
001 in00000800821
005 20170428160521.0
008 780301s1977 dcuab b f000 0 eng c
035 |a (OCoLC)ocm03685633 
040 |a GPO  |b eng  |e rda  |c GPO  |d GPO  |d OCLCQ  |d SPI  |d OCLCF  |d OCLCQ 
035 |a (OCoLC)3685633 
037 |b 20410 
042 |a pcc 
043 |a n-us-sc 
050 4 |a GB1399.2 
074 |a 594-C-44 
086 0 |a HH 10.9:At 6/2 
049 |a TXAM 
245 0 0 |a Flood insurance study.  |p Town of Atlantic Beach, South Carolina, Horry County. 
246 3 0 |a Town of Atlantic Beach, South Carolina, Horry County 
246 3 0 |a Atlantic Beach, South Carolina 
246 3 0 |a Horry County, South Carolina 
264 1 |a [Washington, D.C.] :  |b U.S. Department of Housing & Urban Development, Federal Insurance Administration,  |c [1977] 
300 |a ii, 17 pages :  |b illustrations, maps ;  |c 28 cm 
336 |a text  |b txt  |2 rdacontent 
337 |a unmediated  |b n  |2 rdamedia 
338 |a volume  |b nc  |2 rdacarrier 
500 |a "November 1977." 
504 |a Includes bibliographical references (page 17). 
500 |a Location map on cover. 
500 |a Title from cover. 
650 0 |a Flood forecasting  |z South Carolina  |z Atlantic Beach. 
650 0 |a Flood forecasting  |z South Carolina  |z Horry County. 
650 0 |a Flood insurance  |z South Carolina  |z Atlantic Beach. 
650 0 |a Flood insurance  |z South Carolina  |z Horry County. 
651 0 |a Atlantic Beach (S.C.) 
651 0 |a Horry County (S.C.) 
650 7 |a Flood insurance.  |2 fast  |0 (OCoLC)fst01715819 
651 7 |a South Carolina  |z Atlantic Beach.  |2 fast  |0 (OCoLC)fst01217966 
651 7 |a South Carolina  |z Horry County.  |2 fast  |0 (OCoLC)fst01206897 
655 7 |a Technical reports.  |2 lcgft 
710 1 |a United States.  |b Federal Insurance Administration,  |e issuing body. 
856 4 1 |z Available online at HathiTrust:  |u http://hdl.handle.net/2027/txa.ark:/81423/m3js6w  |t 0 
949 |a updated  |b h  |c 2017/4/26  |e spoltoratski  |f 11:40:43 am 
994 |a C0  |b TXA 
999 f f |s ec6d97d9-d394-3603-9512-6189800d20d1  |i 073309a7-0c6f-32cd-a638-51bb861ef26a  |t 0 
952 f f |a Texas A&M University  |b College Station  |c Electronic Resources  |d Available Online  |t 0  |e HH 10.9:At 6/2  |g Electronic  |h Superintendent of Documents classification 
998 f f |a HH 10.9:At 6/2  |t 0  |l Available Online